FAO agricultural services bulletin; N.118 Pollination of cultivated plants in the tropics
Spremljeno u:
| Glavni autor: | |
|---|---|
| Format: | Knjiga |
| Jezik: | Undetermined |
| Izdano: |
Rome
FAO
1995
|
| Oznake: |
Dodaj oznaku
Bez oznaka, Budi prvi tko označuje ovaj zapis!
|
| Thư viện lưu trữ: | Trung tâm Học liệu Trường Đại học Cần Thơ |
|---|
| LEADER | 00506nam a2200181Ia 4500 | ||
|---|---|---|---|
| 001 | CTU_29120 | ||
| 008 | 210402s9999 xx 000 0 und d | ||
| 082 | |a 630 | ||
| 082 | |b F218/N.118 | ||
| 100 | |a FAO | ||
| 245 | 0 | |a FAO agricultural services bulletin; N.118 | |
| 245 | 0 | |b Pollination of cultivated plants in the tropics | |
| 245 | 0 | |c FAO | |
| 260 | |a Rome | ||
| 260 | |b FAO | ||
| 260 | |c 1995 | ||
| 904 | |i Nguyễn Quang Điền, 990311 | ||
| 980 | |a Trung tâm Học liệu Trường Đại học Cần Thơ | ||